Statistika spoljne trgovine SFR Jugoslavije za 1986. godinu
Salvato in:
| Natura: | Libro |
|---|---|
| Lingua: | croato |
| Pubblicazione: |
Beograd
Savezni zavod za statistiku
1987
|
| Edizione: | 1. izd. |
| Tags: |
Nessun Tag, puoi essere il primo ad aggiungerne!!
|
MARC
| LEADER | 00000nam a2200000 4500 | ||
|---|---|---|---|
| 001 | c024265 | ||
| 005 | 20221219133527.6 | ||
| 041 | 0 | |a hrv | |
| 044 | |a HR | ||
| 245 | 1 | 0 | |a Statistika spoljne trgovine SFR Jugoslavije za 1986. godinu |
| 250 | |a 1. izd. | ||
| 264 | 1 | |a Beograd |b Savezni zavod za statistiku |c 1987 | |
| 300 | |a 808 s. | ||